[Event "IECG WC.2002.P.00001 email"]
[Site "IECG email"]
[Date "1999.??.??"]
[Round "?"]
[White "Elmer, Steve"]
[Black "Feng, David Fanghui"]
[Result "0-1"]
[WhiteElo "800"]
[BlackElo "1863"]
[PlyCount "50"]
[EventDate "1999.02.21"]
[EventType "tourn (corr)"]
[EventRounds "10"]
[SourceTitle "Corr 2008"]
[Source "ChessBase"]
[SourceDate "2008.06.24"]
[SourceVersion "1"]
[SourceVersionDate "2008.06.24"]
[SourceQuality "1"]

1. e4 c6 2. d4 d5 3. exd5 cxd5 4. Bd3 Nc6 5. c3 Nf6 6. Bf4 Bg4 7. Qb3 Na5 8. Qa4+ Bd7 9. Qc2 e6 10. Nf3 Qb6 11. Nbd2 Bd6 12. Be5 Rc8 13. a4 Bxe5 14. Nxe5 Nc6 15. h3 Nxd4 16. Qb1 Nc6 17. Nxc6 bxc6 18. 0-0 c5 19. c4 0-0 20. Nf3 Rb8 21. cxd5 exd5 22. Ra2 Rfe8 23. Qc2 c4 24. Be2 Qb3 25. Qxb3 cxb3 0-1

[Event "IECG WC.2002.P.00001 email"]
[Site "IECG email"]
[Date "1999.??.??"]
[Round "?"]
[White "Feng, David Fanghui"]
[Black "Janning, Henning"]
[Result "1/2-1/2"]
[WhiteElo "1863"]
[BlackElo "800"]
[PlyCount "65"]
[EventDate "1999.02.21"]
[EventType "tourn (corr)"]
[EventRounds "10"]
[SourceTitle "Corr 2008"]
[Source "ChessBase"]
[SourceDate "2008.06.24"]
[SourceVersion "1"]
[SourceVersionDate "2008.06.24"]
[SourceQuality "1"]

1. e4 c5 2. Nf3 e6 3. c3 d5 4. exd5 exd5 5. d4 Nf6 6. Bb5+ Bd7 7. Bxd7+ Nbxd7 8. 0-0 Be7 9. Qb3 b6 10. Na3 c4 11. Qa4 a6 12. Bf4 b5 13. Qc2 0-0 14. Rae1 Re8 15. Nb1 b4 16. cxb4 Bxb4 17. Rxe8+ Qxe8 18. a3 Ba5 19. Nc3 Bxc3 20. Qxc3 Nf8 21. Re1 Qa4 22. Ng5 h6 23. Nh3 Ng6 24. f3 Re8 25. Rxe8+ Nxe8 26. Bg3 Qd1+ 27. Kf2 Nf6 28. Nf4 Nf8 29. Ne2 Ne6 30. Be5 Nd7 31. Qb4 Qc2 32. Qc3 Qd3 33. Qb4 1/2-1/2

[Event "IECG WC.2002.P.00001 email"]
[Site "IECG email"]
[Date "1999.??.??"]
[Round "?"]
[White "Fernandes, Fabio da Silva P"]
[Black "Feng, David Fanghui"]
[Result "0-1"]
[WhiteElo "1294"]
[BlackElo "1863"]
[PlyCount "28"]
[EventDate "1999.02.21"]
[EventType "tourn (corr)"]
[EventRounds "10"]
[SourceTitle "Corr 2008"]
[Source "ChessBase"]
[SourceDate "2008.06.24"]
[SourceVersion "1"]
[SourceVersionDate "2008.06.24"]
[SourceQuality "1"]

1. e4 c5 2. Nf3 e6 3. d4 cxd4 4. Nxd4 Nc6 5. Nb5 d6 6. Bf4 e5 7. Be3 Nf6 8. Bg5 Qa5+ 9. Qd2 Qd8 10. N1c3 a6 11. Na3 Be7 12. Be2 0-0 13. Nc4 Nd4 14. 0-0 Be6 0-1